000 01127naa a22003017a 4500
001 BR8006742
003 BR-BrBNA
005 20240918174706.0
007 ta
008 230509b bl.||||| |||| 00| 0 por d
040 _aBR-BrBNA
_bpor
_cBiblioteca Nacional de Agricultura
041 _a(Pt)
072 _aN10
_b5300
_b4430
_bG514
090 _aN10 BR8006742
100 1 _aNaas, I. de A.
100 1 _aLeal, P.A.M.
100 1 _aRocha, M.I.R. da
111 1 _a10. Congresso Brasileiro de Engenharia Agricola
_cCampinas, SP (Brazil)
_d13 Jul 1980
245 1 _aAnalise da resistencia do piso de concreto com agregado de poliestireno a dejetos de suinos [Brasil]
260 3 _aCampinas, SP (Brasil):
_c1980.
500 _aAnais do 10. Congresso Brasileiro de Engenharia Agricola Campinas, SP (Brasil): 1980. p. 91-101 (BR8006742-AM)N10
650 _aINSTALACAO AGRICOLA
650 _aSUINO
650 _aPISO DE CONCRETO
773 0 _tAnais do 10. Congresso Brasileiro de Engenharia Agricola
_wN10 BR8006742
_gCampinas, SP (Brasil), 1980. p. 91-101
909 _a202404
_bLucia
_c55
_dLucia Elande
942 _cAM
_2AGRIS
999 _c312914
_d312914